| 000 | 01354cam a22002895a 4500 | ||
|---|---|---|---|
| 001 | L158331 | ||
| 008 | 120413s2014 xxko f 000 0 eng d | ||
| 020 | _a9781848063945 | ||
| 035 | _a(Sirsi) u158331 | ||
| 041 | 0 | _aeng | |
| 100 | 1 | _aBlofeld, Stuart | |
| 245 | 0 | 0 |
_aDelivering waste efficiency in commercial buildings _ba guide for facilities managers |
| 260 |
_aWatford _bBRE _c2014 |
||
| 300 |
_a12p. _bill. _c30cm. |
||
| 490 | 0 |
_aBRE Information Paper _v(12/14) |
|
| 520 | _aProvides targeted guidance on how to implement an integrated waste management strategy through improved facilities management. Gives an overview of the waste hierarchy and UK waste legislation before examining the techniques available for understanding the causes of waste, and actions that can be taken to prevent waste. It also provides guidance on the role of benchmarking performance and setting targets, the importance of user engagement and the key issues to consider when contracting waste management services. | ||
| 521 | _aAdvanced | ||
| 590 | _aKA | ||
| 650 | 2 | 4 | _aEU WASTE FRAMEWORK DIRECTIVE |
| 650 | 2 | 4 | _aWASTE REDUCTION |
| 650 | 2 | 4 | _aENVIRONMENTAL AND LAND CONSULTANCY-WASTE MANAGEMENT |
| 651 | 4 |
_aUnited Kingdom _y |
|
| 690 |
_aMinerals and waste _96257 |
||
| 690 |
_aFacilities management _96240 |
||
| 700 | 1 | _aBlackwell, Maggie | |
| 942 | _n0 | ||
| 999 |
_c115269 _d115269 |
||